Los grupos de presión /

Enregistré dans:
Détails bibliographiques
Auteur principal: Cigler, Allan
Autres auteurs: Loomis, Burdett
Format: Texte
Publié: Buenos Aires: Fraterna
Tags: Ajouter un tag
Pas de tags, Soyez le premier à ajouter un tag!

MARC

LEADER 00000 a a2200000 04500
001 25230
003
040
020 |a 950-9097-79-9  
090 |a 180400  
100 |a Cigler, Allan  
245 |a Los grupos de presión /  |c Allan Cigler 
260 |a Buenos Aires:   |b Fraterna  
300 |a 537 p.   |b **no definido**  
700 |a Loomis, Burdett  
999 |c 14423  |d 14423